| 000 | 00540nam a2200193 a 4500 | ||
|---|---|---|---|
| 005 | 20140310183252.0 | ||
| 008 | 041020s19uu xx 00 eng d | ||
| 020 | _a9780750689465 | ||
| 050 |
_aG 156.5.E26 _b.Su87 2003 |
||
| 245 |
_aSustainable tourism : _ba global perspective / _cedited by Rob Harris. |
||
| 260 |
_aOxford : _bButterworth Heinemann, _c2003. |
||
| 300 |
_a310 p. : _c26 cm. |
||
| 521 | _aTOU | ||
| 650 | _aTourism. | ||
| 700 | _aGriffin, Tony | ||
| 700 | _aWilliams, Peter | ||
| 942 |
_cBK _2lcc _kFOR |
||
| 999 |
_c20794 _d20794 |
||